000 00296nam a22001337a 4500
008 170831b xxu||||| |||| 00| 0 eng d
020 _a9781319003579
041 _aeng
080 _a070
100 _a40
101 _aMED
245 _aEVERYTHING'S AN ARGUMENT
_cLUNSFORD,A.A
942 _2udc
_cBK
999 _c25733
_d25733